00769nam a2200229 i 450000500170000000800410001701000140005802000110007203500130008303700150009604000180011108200100012910000240013924500480016326000390021127000610025030000320031165000130034394200240035699900170038095201420039720090821121534.0780523r1978 paua b 001 0 eng  aENG-94783 c100.00 aEN-78316 bDBAD / PUB adplbEnglish  a595.7 aMalaikozhundan, B.  aBiology of insects /cby B. Malaikozhundan  aKaraikudibTBS Publications c2008 a21, Subramaniapuram 9th Street, South Extn. bKaraikudi  a148p. :bill. ;c22cm(pbk)  aInsects. 2ddccENh595.7mMAL c29374d29374 00102ddc40718NFICaDBADbDBADd2009-08-21eDBAD / PUBg100.00l0o595.7 MALpEN-78316r2009-08-21 00:00:00t1v100.00w2009-08-21yEN